| 000 | 00559nam a2200181Ia 4500 | ||
|---|---|---|---|
| 008 | 151018s9999 xx 000 0 und d | ||
| 082 |
_bRBASDV60727 _a891.463 |
||
| 100 | _aप्रतिभा साठम | ||
| 245 | _aमयुरी | ||
| 250 | _b2 | ||
| 260 |
_b"रश्मी बुक एजन्सी, कोल्हापूर " _c2011 |
||
| 300 | _a216 | ||
| 600 | _aप्रतिभा साठम | ||
| 630 | _aमयुरी | ||
| 700 | _aप्रतिभा साठम | ||
| 730 | _aमयुरी | ||
| 942 | _cBOOK | ||
| 999 |
_c1054230 _d1054227 |
||